Départements par première et dernière lettre #2 - Statistiques

Statistiques générales
  • Ce quiz a été pris 47 fois
  • Le résultat moyen est 10 sur 14
Statistiques - réponses
Première
Lettre
Départements Dernière
Lettre
% Correct
Y Yonne E
98%
J Jura A
93%
Y Yvelines S
93%
T Tarn N
90%
N Nord D
79%
C Cantal L
76%
G Gironde E
74%
B Bouches-du-Rhône E
71%
L Landes S
62%
P Puy-de-Dôme E
60%
C Calvados S
55%
B Bas-Rhin N
50%
M Morbihan N
48%
S Seine-Saint-Denis S
48%
Aucun quiz correspondant
Distribution des résultats
% des personnes avec chaque résultat
Percentile par nombre de réponses
Votre historique - résultats
Vous n’avez pas pris ce quiz